Statistics for Most Populated US Cities That Begin With Same Letter As Their State

Click here to take the quiz!

General Stats

  • This quiz has been taken 67 times
  • The average score is 6 of 10

Answer Stats

PopAnswer% Correct
8.6 millNew York
98%
863000Indianapolis
84%
422000Minneapolis
79%
643000Oklahoma City
74%
1.6millPhiladelphia
73%
302000Pittsburgh
55%
450000Virginia Beach
53%
350000Honolulu
47%
464000Colorado Springs
44%
294000Anchorage
40%

Score Distribution

Percentile by Number Answered

Percent of People with Each Score

Your Score History

You have not taken this quiz